Impact Of Oil Pollution On Coastal Environment Of Karachi (Record no. 174566)

000 -LEADER
fixed length control field nam a22 7a 4500
003 - CONTROL NUMBER IDENTIFIER
control field Nust
005 - DATE AND TIME OF LATEST TRANSACTION
control field 20170201100602.0
008 - FIXED-LENGTH DATA ELEMENTS--GENERAL INFORMATION
fixed length control field 170201b xxu||||| |||| 00| 0 eng d
040 ## - CATALOGING SOURCE
Transcribing agency 0
050 ## - LIBRARY OF CONGRESS CALL NUMBER
Classification number 628 ZAQ
082 ## - DEWEY DECIMAL CLASSIFICATION NUMBER
Classification number 628 ZAQ
100 ## - MAIN ENTRY--PERSONAL NAME
Personal name Zaqoot,Hossam Adel
245 ## - TITLE STATEMENT
Title Impact Of Oil Pollution On Coastal Environment Of Karachi
Statement of responsibility, etc. Hossam Adel Zaqoot
260 ## - PUBLICATION, DISTRIBUTION, ETC.
Place of publication, distribution, etc. Jamshoro
Name of publisher, distributor, etc. IEEM,Mehran University of Engineering & Technology Jamshoro
Date of publication, distribution, etc. 2000
300 ## - PHYSICAL DESCRIPTION
Extent 145 p.
Other physical details HB.
440 ## - SERIES STATEMENT/ADDED ENTRY--TITLE
Title MS Environmental Engineering
500 ## - GENERAL NOTE
General note Thesis MS EE
650 ## - SUBJECT ADDED ENTRY--TOPICAL TERM
Topical term or geographic name entry element Environmental Engineering
700 ## - ADDED ENTRY--PERSONAL NAME
Relator code Dr. Abdul Khalique Ansari (Supervisor)
942 ## - ADDED ENTRY ELEMENTS (KOHA)
Source of classification or shelving scheme
Koha item type Thesis
Call number prefix IESE
Holdings
Withdrawn status Lost status Source of classification or shelving scheme Damaged status Not for loan Collection code Permanent Location Current Location Shelving location Date acquired Total Checkouts Full call number Barcode Date last seen Price effective from Koha item type
        Not For Loan   Institute of Environmental Science and Engineering (IESE) Institute of Environmental Science and Engineering (IESE) Thesis 02/01/2017   628 ZAQ IESE-T-12 02/01/2017 02/01/2017 Thesis
© 2023 Central Library, National University of Sciences and Technology. All Rights Reserved.